000
00206 a2200109 4500
020
_a
9780060196097
041
_a
eng
100
_a
Lisa Scottoline
245
_a
Moment of Truth
942
_c
BK
952
_7
4
999
_c
16558
_d
16558